000 00446nam a2200157 a 4500
001 000035537
005 20200930074421.0
008 111103s19uu sp 000 0 spa d
020 _z8423406247
040 _aDO-SdBNP
_bspa
_cBNPHU
082 _axxxxx
_bW77c
100 1 _aWinkler, John
_961432
245 1 0 _aCómo poner precios, presentarlos y defenderlos /
_cJohn Winkler.
260 _aMadrid :
_bDeusto,
_c[199-?].
300 _a259 p. ;
_c25 cm.
999 _c35028
_d35028